[Event "Tashkent FIDE GP"]
[Site "Tashkent UZB"]
[Date "2014.10.26"]
[Round "5"]
[White "Karjakin, Sergey"]
[Black "Jobava, Ba"]
[Result "0-1"]
[WhiteElo "2767"]
[BlackElo "2717"]
[PlyCount "62"]
[EventDate "2014.10.20"]

{What a game! Jobava played his typical unusual Caro-Kann style stuff to get a
passive but solid position, but he saw one opportunity and he took it. A
well-timed bishop sacrifice gave him two pawns and a nagging initiative.
Karjakin did not respond in the best way and he succumbed to the attack.} 1. e4
c6 2. Nf3 d5 3. Nc3 dxe4 4. Nxe4 Nf6 5. Nxf6+ exf6 6. Bc4 Qe7+ 7. Be2 Qc7 {
Already there are no real games in this variation by professionals. It can
hardly be considered a success for Black; White's imminent space advantage and
4v3 queenside majority should give him the edge.} 8. d4 Bd6 9. O-O O-O 10. h3
Rd8 11. Be3 Nd7 12. c4 Nf8 13. Bd3 Ng6 14. Qc2 Be6 15. Rfe1 $6 {Surprisingly,
this move is already innaccurate!} (15. Nd2 {keeps a little edge.} Qd7 $6 16.
Ne4 Bxh3 $2 17. Nxd6 Bxg2 18. Bf5 $1 $16) 15... Qd7 $1 {What a keen sense! It
is surprisingly hard to stop the "obvious" Bxh3 threat. All Karjakin can do is
brace himself for impact.} 16. Bd2 (16. h4 Bh3 $1 {Anyways!}) (16. Nd2 Nh4 {
starts to look risky for White.}) 16... Bxh3 17. gxh3 Qxh3 18. Bxg6 {The g6
knight must be eliminated before he jumpst to h4.} hxg6 19. Re3 g5 {Now the
pawn joins the fray. White has several ways of defending against the attack
but only the most accurate seems to give an advantage.} 20. c5 $2 {At this
juncture, this move only helps Jobava.} (20. Rae1 $1 g4 $6 {Maybe this advance
is hasty, surprisingly.} (20... c5) (20... Bc7 $5 {is some computer suggestion,
but it is beyond me.} 21. c5 $5) 21. Ne5 Qh5 22. c5 $1 Bc7 23. Nc4 Qh2+ 24. Kf1
{it takes nerves of steel to play like this, but it seems as if Black has
nothing better than a draw.} g3 $1 25. fxg3 Bxg3 26. Rxg3 Qxg3 27. Qc3 Qh2 (
27... Qxc3 28. Bxc3 Re8 {is not a very clear endgame, but White should be
better.}) 28. Nd6 $14 {White is better in every sense but with such a weak
king there is nothing he can do.}) 20... Bf4 $1 21. Rb3 Bc7 {With this
maneuver Black gets the rook out of the way so he can control the e-file.} 22.
Qc4 Qh5 (22... Qg4+ $1 23. Kf1 Re8 $40) 23. Kg2 (23. Rxb7 $1 {This move looks
risky at first, but Black is not really threatening anything at the moment
while the c7 bishop is a key player in Black's attack.} Rac8 24. Rxc7 Qg4+ 25.
Kf1 Rxc7 $15) 23... Qg4+ 24. Kf1 Re8 25. Re1 $6 {It's already very
uncomfortable to defend such a position.} Qh3+ $1 26. Kg1 Rxe1+ $1 27. Bxe1
Qg4+ 28. Kf1 Re8 29. Ng1 Bh2 {Black's attack grows despite the piece trades.
Now Karjakin is forced to go into a bad position.} 30. Ne2 $2 {A bad move
under pressure! Now it is all over.} (30. Nh3 Qe4 $1 31. Re3 $8 Qh1+ 32. Ke2
Rxe3+ 33. fxe3 g4 $17 {And Black's g-pawn is very, very dangerous.}) 30... Rxe2
31. Rxb7 (31. Qxe2 Qg1#) 31... Re6 0-1

[Event "Tashkent FIDE GP"]
[Site "Tashkent UZB"]
[Date "2014.10.26"]
[Round "5"]
[White "Caruana, F."]
[Black "Mamedyarov, S."]
[Result "1/2-1/2"]
[WhiteElo "2844"]
[BlackElo "2764"]
[PlyCount "68"]
[EventDate "2014.10.20"]

{Third time is the charm! After being vanquished twice in this variation
Mamedyarov finally seems to have found the key to neutralizing White's
position. He obtained a draw without too many problems.} 1. d4 d5 2. c4 c6 3.
Nf3 Nf6 4. e3 Bg4 5. Nc3 e6 6. Qb3 Qb6 7. Nh4 Bh5 8. h3 {If it worked twice
maybe it will work thrice... Caruana has used this line to beat Mamedyarov
twice this year.} Qxb3 {A change from the pre vious games, but still a known
path.} 9. axb3 Na6 10. g4 Nb4 11. Ke2 g5 12. gxh5 gxh4 13. Bg2 Nxh5 14. Bf3 Nf6
15. Bd2 Be7 {Definitely an improvement over Popov's game.} (15... Nd7 16. Ra5
Nb6 $2 17. c5 $16 {Was a game betweeen Wojtaszek and Popov from a couple of
years ago.}) 16. Rhc1 Kd7 {Black is pretty solid in this line and it is hard
to imagine White can break through, maybe this is the answer Black players
were l ooking for in this line?} 17. e4 dxe4 18. Bxe4 Nxe4 19. Nxe4 Na6 {White
has enough for his missing pawn, especially since it is weak and doubled on
the h-file, but not more than that.} 20. Ra5 f5 21. Ng5 Bd8 22. Raa1 Bf6 23.
Nf3 c5 24. Bc3 cxd4 25. Nxd4 Nc5 26. Rd1 Ke7 27. Bb4 Rhc8 28. Nb5 a5 29. Rxa5
Rxa5 30. Bxa5 Bxb2 31. Bb4 Be5 32. Na7 Rc7 33. Nb5 Rc8 34. Na7 Rc7 1/2-1/2

[Event "Tashkent FIDE GP"]
[Site "Tashkent UZB"]
[Date "2014.10.26"]
[Round "5"]
[White "Nakamura, Hi"]
[Black "Gelfand, B."]
[Result "1-0"]
[WhiteElo "2764"]
[BlackElo "2748"]
[PlyCount "193"]
[EventDate "2014.10.20"]

{Nakamura stayed off the beaten path and chose a structure ag ainst the
Sicilian that leads to interesting play but is considered to be ok for Black.
Gelfand got a good position, but he miscalculated in a sharp endgame where all
of White's and Black's pawns on the queenside were weak. This allows Nakamura
to win a pawn and lead the posititon to a 4v3 endgame with rook and knight.
After much insistence, his opponent eventually collapsed and Nakamura took a
huge point.} 1. e4 c5 2. Nf3 d6 3. Bb5+ Bd7 4. Bxd7+ Qxd7 5. O-O Nf6 6. e5 dxe5
7. Nxe5 Qc8 8. Qf3 e6 9. b3 (9. d3 {is the other way of developing the bishop
and was essayed in Tiviakov-Vachier Lagrave just about a couple of weeks ago
in the Isle of Man tournament held by Pokerstars.}) 9... Be7 10. Bb2 Nbd7 11.
Nc4 O-O {Perhaps just trying to reach a playable position Nakamura has taken
the waters into a more quiet line in which he can outplay his opponent.
White's position is slightly more comfortable without it being anything
special.} 12. Nc3 Qc7 13. a4 Rad8 14. Rfe1 a6 15. a5 Nb8 16. Na4 Nc6 17. Qg3
Qxg3 18. hxg3 Nd5 19. c3 Rc8 20. Ba3 Na7 21. Ne3 Nxe3 22. dxe3 Rc7 23. Red1 Nb5
24. Bb2 c4 25. bxc4 Nd6 26. Nb6 Ne4 {White cant' afford to keep his extra pawn
for too long. His pieces are too crippled at the moment and the knight on e4
is powerful.} 27. Ba3 Nxc3 28. Bxe7 Rxe7 29. Rd3 Ne4 30. Nd7 Rc8 31. f3 Nf6 32.
Nb6 Rc5 33. Rd8+ Re8 34. Rxe8+ Nxe8 {The endgame should be about equal.
White's bind and space advantage in the queenside is compensated by the fact
that his own pawns are weak and under attack. However, equal is not drawn.} 35.
Rd1 Rxa5 36. Rd8 Kf8 37. Rb8 Ra2 $6 (37... Ra1+ 38. Kf2 Ra2+ 39. Kf1 Ra1+ 40.
Ke2 Ra2+ 41. Kd3 Rxg2 42. Rxb7 Rxg3 {is difficult to evaluate, but only White
can be better.}) (37... f5 $1 38. Rxb7 Nf6 $11 {The point of this moves are to
bind the kingside with f5 and the prevent c5 by controlling the check on the
d7 square.}) 38. c5 Rc2 39. e4 f6 40. Rxb7 Kg8 {Now it is clear that White
holds the advantage. Black's position is very passive.} 41. Re7 $1 Kf8 42. Rxe6
{The extra pawn is very significant, also Black's knight is not having a swell
time.} Nc7 $1 {Black maneuvers out just in time. He needs to exchange White's
powerful c-pawn even if it means losing his a-pawn.} 43. Rc6 Nb5 44. Nd5 Nd4
45. Rxa6 Rxc5 46. Ra8+ Kf7 47. Ra7+ Kf8 48. Nf4 Rc6 49. Ra8+ Kf7 50. Rh8 h6 51.
Rb8 Rc7 {The resulting 4 on 3 will be a long and difficult defense. Maybe a
computer can hold it, but practically there are many things Black
consisntently has to watch out for. White wants to exchange rooks, Black wants
to exchange knights.} 52. Rb6 Ra7 53. Rd6 Nb5 54. Rd5 Rb7 55. Kh2 Na7 56. Rd6
Nc8 57. Rc6 Ne7 58. Ra6 Ng6 59. Nh5 Ne7 60. Nf4 Ng6 61. Nd5 Ne7 62. Ne3 Rc7 63.
g4 Rc3 64. Nf1 Rc7 65. Ra3 Rb7 66. Ne3 Rd7 67. Kg3 Rc7 68. Ra5 Rc3 69. Kf2 Rc7
70. Rb5 Ng6 71. Nd5 Ra7 72. Rc5 Ra2+ 73. Kg3 Kg8 74. Rc7 Ra3 75. Rb7 Ra2 76.
Rc7 Ra3 77. Rd7 Ra2 78. Ne3 Ne5 79. Rb7 Ra3 80. Nf5 Nf7 81. Kh2 Ra2 82. Re7 Ra8
83. f4 Kf8 84. Rc7 g6 85. Nh4 g5 (85... Kg7 86. f5 {is not that different.})
86. Nf5 gxf4 87. Rc6 {Finally a dent in the armor. Once white takes on f6 he
can try to push his e-pawn as well as make threats against h6 and f4.} Ng5 $2 (
87... Kg8 88. Rxf6 Ra4 {was the only way to try to survive.}) 88. Rxf6+ Kg8 89.
e5 {Now White has too many threats, Gelfand cannot deal with them all.} Ra2 90.
e6 Nf3+ 91. Kh3 Ng1+ 92. Kh4 {Black's counterplay is meaningless, the king
will simply join the attack.} Rxg2 93. Kh5 Nf3 94. Nxh6+ Kh7 95. Rf7+ Kh8 96.
e7 Re2 97. Rxf4 1-0

[Event "Tashkent FIDE GP"]
[Site "Tashkent UZB"]
[Date "2014.10.26"]
[Round "5"]
[White "Jakovenko, D."]
[Black "Vachier Lagrave, M."]
[Result "1-0"]
[WhiteElo "2747"]
[BlackElo "2757"]
[PlyCount "93"]
[EventDate "2014.10.20"]

{Very nice preparation from the Russian player. Following one of MVL's games
from last year the Russian had his own novelty in store. MVL could not figure
out how to obtain compensation agains the extra pawn for his opponent and
slowly he was pushed back until White's advantage was obvious. Jakovenko built
up his position and then marched his queenside pawns to victory.} 1. Nf3 Nf6 2.
c4 g6 3. Nc3 d5 4. cxd5 Nxd5 5. Qb3 Nb6 6. d4 Bg7 7. e4 Bg4 8. Bb5+ c6 9. Ng5
O-O 10. Be2 Bxe2 11. Nxe2 c5 12. dxc5 N6d7 13. Qxb7 Qa5+ 14. Bd2 Qa6 15. c6 $5
{A novelty.} (15. Qxa6 Nxa6 16. c6 Bxb2 17. Rb1 Ne5 18. O-O Rab8 19. Bf4 {was
eventually a win for White in Gajewski-MVL from last year. MVL must have had a
novelty in this variation, but Jakovenko pulls out his preparation first.})
15... Qxc6 16. Qxc6 Nxc6 17. Rc1 Rac8 18. b3 {Black has some compensation for
the sacrificed pawn but the question is whether it is enough. White is
dangerously close to consolidating.} Bb2 (18... Rfd8 {is the computer's
suggestion, MVL might not have been that well prepared in this specific line.})
19. Rd1 Nce5 20. Be3 h6 21. Nf3 Nxf3+ 22. gxf3 {By this point it is clear that
Black has nothing for his pawn. Jakovenko starts pushing his advantage
immediately.} Ne5 23. f4 Ng4 24. Bxa7 $1 {Why not? Now there will be two
passed pawns on the queenside for the Frenchman to contend with.} Ra8 25. Rd2
Ba3 26. Bd4 Rfc8 27. Bc3 Nf6 28. f3 Nh5 29. Rd3 Bd6 30. e5 Bc5 31. a4 Rab8 32.
Ba5 Ra8 33. Bd2 {Mission accomplished; the pawns are all obviously safe and
Black is running out of ideas.} Rab8 34. Rc3 Kh7 35. Kd1 Ng7 36. b4 Ba7 37.
Rxc8 Rxc8 {The game is now simply over. Black has no way of stopping the
queenside pawns.} 38. Nc3 Nf5 39. Nb5 Be3 40. Re1 Rd8 41. Re2 Bxf4 42. Kc2 Bxd2
43. Rxd2 Ne3+ 44. Kc3 Nd1+ 45. Rxd1 Rxd1 46. a5 h5 47. Na3 1-0

[Event "Tashkent FIDE GP"]
[Site "Tashkent UZB"]
[Date "2014.10.27"]
[Round "6"]
[White "Jobava, Ba"]
[Black "Jakovenko, D."]
[Result "1/2-1/2"]
[WhiteElo "2717"]
[BlackElo "2747"]
[PlyCount "73"]
[EventDate "2014.10.20"]

1. d4 Nf6 2. c4 e6 3. Nc3 Bb4 4. e3 O-O 5. Bd3 d5 6. cxd5 exd5 7. Nge2 Re8 8.
O-O Bf8 9. Bd2 c6 {We are relatively out of theory, th ough the strucutre is
well known. The Karlsbad type positions are usually handled by White by either
going for a minority attack with b4 or by pushing f3 and e4. Jobava goes for
the latter.} 10. Rc1 a5 11. f3 c5 12. Be1 $5 {Using the development advantage
to transfer the bishop. Normally f2 is a good position for it.} Rxe3 13. Bh4 (
13. Bf2 cxd4 14. Nxd4 (14. Bxe3 dxe3 $15 {isn't a good situation for White.
Here Jakovenko has at least enough compensation for the exchange and has good
chances for the advantage if he finishes his development without losing a pawn.
}) 14... Re8 {only gives some compensation for the pawn.}) 13... Nc6 14. Nf4 {
The pressure on d5 is mounting.} Be6 (14... cxd4 15. Ncxd5 Re5 16. Nxf6+ gxf6 {
Gives White enough compensation for the pawn, but maybe not more than that.
There is no clear path to continue pressuring f6.}) 15. dxc5 Bxc5 16. Kh1 Be7
17. Bxf6 {Jobava has to regain his pawn now before Black finishes
consolidating.} Bxf6 18. Ncxd5 Bxd5 19. Nxd5 Re8 20. Qb3 Be5 21. Qxb7 Ne7 22.
f4 (22. Nxe7+ Rxe7 23. Qc6 Bxb2 $2 (23... g6 24. Rcd1 Rc8 {keeps the extra
pawn for White but it is a very difficult position to win between Black's
activity and the opposite colored bishops.}) 24. Bxh7+ $14) 22... Qxd5 23. Qxd5
Nxd5 24. fxe5 Ne3 25. Rf4 Rad8 26. e6 Rxe6 27. Rd4 Ree8 28. Rxd8 Rxd8 29. Kg1
g6 30. Be4 Rd2 (30... Rd1+ 31. Rxd1 Nxd1 32. b3 Nc3 33. Bf3 Nxa2 34. Kf2 Kg7
35. Ke3 f5 36. Kd4 {looks difficult to  win for Black as his knight is
completely stranded.}) 31. Rc3 Ng4 32. Bf3 Ne5 33. Ra3 Rxb2 34. Rxa5 Nxf3+ 35.
gxf3 Kg7 36. Ra6 Kh6 37. Ra7 1/2-1/2

[Event "Tashkent FIDE GP"]
[Site "Tashkent UZB"]
[Date "2014.10.27"]
[Round "6"]
[White "Andreikin, D."]
[Black "Karjakin, Sergey"]
[Result "1-0"]
[WhiteElo "2722"]
[BlackElo "2767"]
[PlyCount "67"]
[EventDate "2014.10.20"]

1. d4 Nf6 2. Nf3 e6 3. Bg5 c5 4. Nc3 {After Jobava's victory y esterday,
perhaps Andreikin thought that the key against Karjakin was to play something
weird?} cxd4 5. Qxd4 (5. Nxd4 Be7 6. e4 d6 {was a very weird transposition
into a Sicilian in Koneru-Hou Yifan, 2010}) 5... Nc6 6. Qh4 Bb4 7. e4 Bxc3+ {
Perhaps a little hasty.} (7... h6 8. Bd3 Rg8 $5 {Already strange moves like
this one are possible.} 9. Bd2 g5 10. Qg3 Nh5 11. Qh3 Nf6 $13) 8. bxc3 h6 9.
Bd3 d6 10. Rd1 Rg8 {The idea is that White does not want to take on f6, so
Black forces the bishop on g5 to make a decision.} 11. Be3 e5 {As usual it is
advantageous to put pawns in the color of the bishop that you lost. Here the
pawn structure controls the dark squares and now g5 can be come a threat in
some lines (not at the moment).} 12. Bb5 {doesn't quite work for Black.} (12.
O-O {As usual it is advantageous to put pawns in the color of the bishop that
you lost. Here the pawn structure controls the dark squares and now g5 can be
come a threat in some lines (not at the moment).} g5 13. Nxg5 hxg5 14. Bxg5)
12... Qc7 13. Nd2 Be6 14. f3 Qa5 15. c4 Ke7 {Sometimes this plan of putting
the king on e7 and fortifying the darksquares is possible, but in this
specific case it seems as if Karjakin's position did not hold together.} (15...
O-O-O {doesn't look safe, but it might have been superior to putting the king
on e7.}) 16. O-O g5 17. Qf2 Rgd8 18. h4 Nh7 19. hxg5 hxg5 20. g4 (20. Nb3 Qc7
21. Qg3 f6 22. c5 {Was already hard to deal with.}) 20... f6 21. Kg2 Nf8 22.
Rh1 Bf7 23. Nf1 Bg6 24. Bd2 Qb6 25. Ne3 Kf7 26. Qe1 Ne6 27. Nf5 {Since Black
cannot afford to take this knight it is clear his position is not good.} Qc7 $6
(27... Ncd4 $1 28. Rh6 $40) 28. c5 $1 dxc5 29. Bc4 $1 {Now the combined
threats against the king are too strong.} b5 30. Bd5 Rac8 31. Rh6 Ncd4 32. Ba5
Nxc2 33. Qh1 Qxa5 34. Rh7+ 1-0

[Event "Tashkent FIDE GP"]
[Site "Tashkent UZB"]
[Date "2014.10.27"]
[Round "6"]
[White "Mamedyarov, S."]
[Black "Kasimdzhanov, R."]
[Result "1-0"]
[WhiteElo "2764"]
[BlackElo "2706"]
[PlyCount "69"]
[EventDate "2014.10.20"]

1. e4 e5 2. Nc3 Nc6 3. g3 g6 4. Bg2 Bg7 5. d3 d6 6. Be3 Nge7 7. h4 h5 8. Qd2
O-O 9. Bh6 {Already we have a very strange opening. The game only gets
stranger from here on, in a good way!} Nd4 10. Bxg7 Kxg7 11. Nd1 d5 {
Kasimdzhanov logically opens up the position in the center as he is better
developed.} 12. Ne3 Be6 13. f4 dxe4 14. dxe4 f5 $5 {Risky but not very
necessary.} (14... exf4 15. gxf4 c5 $13) (14... Ndc6 15. Qf2 f6 {Gives Black a
good position.  Notice how White won't be able to castle queenside.}) 15. Nh3
fxe4 16. Ng5 Nef5 17. O-O-O Bxa2 (17... Nxg3 $5) 18. fxe5 (18. Nxe4 $1) 18...
Nxg3 19. Rhe1 c5 20. Bxe4 Nxe4 21. Nxe4 Qxh4 {Kasimdzhanov has taken all the
pawns that Mamedyarov has left for him, and he still retains a good position.
However he loses the hread of the ga me almost instantly.} 22. Qg2 Rad8 $2 (
22... Rae8 $17 23. b3 (23. Nf6 Rxe5 {doesn't work at all.}) 23... Rxe5 24. Nc4
Re6 25. Kb2 Bxb3 $17) 23. Nf6 {Perhaps Kasimdzhanov missed this move. The
threat is now Rxd4 and Nf5+} Rxf6 24. exf6+ Qxf6 25. Qxb7+ Qf7 26. Qe4 Qf6 27.
Qb7+ Qf7 28. Qa6 Be6 29. Kb1 Rb8 30. Qd6 Rb6 $2 {There was no good reason to
let go of the c5 pawn, which was important as it was keeping the d4 knight
anchored.} 31. Qxc5 Nf3 32. Qc3+ Kh7 33. Rf1 Rb8 34. Ng2 Bg4 $6 (34... Rf8 35.
Rf2 $18 (35. Nh4 $2 Nd2+ $19)) 35. Nh4 1-0

[Event "Tashkent FIDE GP"]
[Site "Tashkent UZB"]
[Date "2014.10.28"]
[Round "7"]
[White "Kasimdzhanov, R."]
[Black "Nakamura, Hi"]
[Result "1/2-1/2"]
[WhiteElo "2706"]
[BlackElo "2764"]
[PlyCount "72"]
[EventDate "2014.10.20"]

1. d4 f5 2. Nf3 Nf6 3. g3 g6 4. Bg2 Bg7 5. O-O O-O 6. c4 d6 7. Nc3 c6 8. b3 Na6
9. Bb2 Qc7 10. d5 e5 11. dxe6 Bxe6 12. e3 {A new and passive but solid move.} (
12. Ng5 {has been seen a few times.}) 12... Rad8 13. Ne2 Rfe8 14. Nf4 Bc8 15.
Rc1 Nc5 16. b4 Nce4 17. b5 Nc5 18. Qc2 Nfe4 19. Bd4 {Both sides have well
placed pieces. With the lack of attackable weaknesses it is somewhat awkward
to remaneuver.} Qf7 20. Rfd1 Bd7 21. Qb2 Bf8 22. h4 h6 23. Bxc5 {Grandmasters
never trade a bishop for a knight lightly. In this case Kasimdzhanov thought
that it would be the best way to open up lines against the d6 and c6 pawns.
However Nakamura's position remains very strong.} Nxc5 24. Qa3 Ne4 25. Qa5 (25.
Qxa7 g5 26. hxg5 hxg5 {starts to look very risky.}) 25... g5 26. bxc6 Bxc6 27.
Nd5 b6 28. Qa3 Bg7 29. hxg5 hxg5 30. Nd4 Bxd5 31. cxd5 Bxd4 32. exd4 f4 33. Rc2
Re7 34. Re2 Nf6 35. Rxe7 Qxe7 36. gxf4 Nh5 {A relatively strange time to agree
to a draw. Black's attack is annoying but it won't crash through, while White
doesn't seem to have a good way to repel it.} 1/2-1/2

[Event "Tashkent FIDE GP"]
[Site "Tashkent UZB"]
[Date "2014.10.28"]
[Round "7"]
[White "Caruana, F."]
[Black "Gelfand, B."]
[Result "1-0"]
[WhiteElo "2844"]
[BlackElo "2748"]
[PlyCount "69"]
[EventDate "2014.10.20"]

1. d4 Nf6 2. c4 e6 3. Nc3 Bb4 4. Qc2 d5 5. cxd5 exd5 6. Bg5 h6 7. Bxf6 Qxf6 8.
e3 {As natural as this move is, it is actually somewhat rare. Usually 8.a3 is
played.} O-O 9. a3 Bf5 10. Bd3 Bxc3+ 11. bxc3 Bxd3 12. Qxd3 c5 {It seems as if
Black should somehow be ok here. He has good activity and will finishe his
development at the same time as White.} (12... Nd7 13. Nf3 Nb6 14. Nd2 Rac8 $11
) 13. Ne2 Nd7 14. O-O Qc6 15. a4 Rfc8 16. Rfb1 Rc7 17. a5 Rac8 {Black's
tripling on the c-file is strange. The reason is that he does not actually
want to take on d4 as this would weaken his d5 pawn in the long run, and there
are no real targets to attack from the c-file. Maybe Gelfand is waiting for
Caruana to take on c5?} 18. h3 Nf6 19. Ng3 Qe6 20. dxc5 $1 {Well-timed. Now
White is a little better. The pawn cannot be recovered in a trivial way.} Ne4 (
20... Nd7 21. Qd4 Nxc5 22. Nh5 f6 23. Nf4 {And White would still be up a pawn.}
) 21. Nxe4 dxe4 22. Qd6 Qf5 23. Ra4 Rxc5 (23... Rd7 24. g4 $1 Rxd6 25. gxf5
Rxc5 26. Rxb7 Rxf5 27. Rxe4 (27. Rxa7 $4 Rd1+ 28. Kg2 Rg5+ 29. Kh2 Rdg1 {
actually gets White mated.}) 27... a6 {should give Black good hopes to draw.} (
27... Ra6 28. Ree7 Raxa5 29. Rxa7 Rac5 $14)) 24. Rxb7 Rxa5 25. Rxa5 Qxa5 26.
Rxf7 Qxc3 27. Rxa7 {This version of the pawn-down endgame is not pleasant at
all for Gelfand. The major pieces always signal that the safer king willl have
the easier time. In time trouble, he errs.} Kh8 28. Rf7 Re8 29. g4 Kh7 30. Qd7
Rb8 31. Qf5+ Kg8 32. Ra7 {Black cannot hold the e4 pawn and prevent checkmate
at the same time.} Qb2 33. Qxe4 Rf8 34. Qd5+ Kh7 35. Rf7 1-0